Kamen Rider Quiz - Statistics

General Stats
  • This quiz has been taken 179 times
    108 since last reset
  • The average score is 133 of 486
Answer Stats
Answer % Correct
Taiyaki Master Ultimate Form
92%
1
82%
2
82%
Agito
82%
Faiz
82%
Kuuga
82%
Ryuki
82%
Blade
80%
Gai
80%
J
80%
Knight
80%
V3
80%
Black
78%
Den O
78%
G3
78%
Kabuto
78%
Stronger
78%
X
78%
4
75%
Black RX
75%
Hibiki
75%
ZO
75%
Decade
73%
OOO
73%
Riderman
73%
Amazon
72%
Kaixa
72%
Wizard
72%
ZiO
72%
Delta
70%
Double
70%
Kiva
70%
Shin
70%
Zero One
70%
Skyrider
68%
Drive
67%
Gaim
67%
Accel
65%
Build
65%
Ex Aid
65%
Gattack
65%
Ghost
65%
Gills
65%
Saber
65%
Beast
63%
Diend
63%
Fourze
63%
Garren
63%
Revi
63%
Super1
63%
ZX
63%
Geats
62%
Skull
60%
TheBee
60%
Vice
60%
G4
58%
Gavv
58%
Ixa
58%
Meteor
58%
Odin
58%
Ouja
58%
Zolda
58%
3
57%
Gotchard
57%
Mach
57%
Another Agito
55%
Birth
55%
Chalice
55%
Dark Kiva
55%
Eternal
55%
Femme
55%
Ibuki
55%
Baron
53%
Drake
53%
Ryuga
53%
Specter
53%
Brave
52%
Cross Z
52%
Orga
52%
Psyga
52%
Dark Kabuto
50%
KickHopper
50%
Raia
50%
Tiger
50%
Tycoon
50%
Buffa
48%
Evil
48%
Genm
48%
Grease
48%
PunchHopper
48%
Sasword
48%
Scissors
48%
Evol
47%
Geiz
47%
Snipe
47%
Woz
47%
Joker
45%
Live
45%
New Den O
45%
Chaser
43%
Kiva-La
43%
Leangle
43%
Rogue
43%
Ryugen
43%
Vulcan
43%
Zeztz
43%
Blades
42%
Cyclone
42%
Nago
42%
Necrom
42%
Poppy
42%
Valen
42%
Lazer
40%
Saga
40%
Another Blade
38%
Another Build
38%
Another Decade
38%
Another Den O
38%
Another Drive
38%
Another Faiz
38%
Another Gaim
38%
Another Ghost
38%
Another Hibiki
38%
Another Kiva
38%
Another Kuuga
38%
Another OOO
38%
Another Ryuki
38%
Another Wizard
38%
Another ZIO
38%
Cronus
38%
Demons
38%
Glare
38%
Nega Den O
38%
Shadow
38%
Todoroki
38%
Another Double
37%
Another Ex Aid
37%
Another Fourze
37%
Another Kabuto
37%
Bravo
37%
Jeanne
37%
Mage
37%
Quiz
37%
Thouser
37%
Vram
37%
Zangetsu
37%
Blood
35%
Duke
35%
Gazer
35%
Jin
35%
Kabuki
35%
Tsukuyomi
35%
Valkyrie
35%
Verde
35%
Alternative
33%
Another Diend
33%
Glare2
33%
Imperer
33%
Juuga
33%
Legend
33%
Maja
33%
Marika
33%
Nadeshiko
33%
Over Demons
33%
Riotrooper
33%
Shadow Moon
33%
Zangetsu Shin
33%
Aqua
32%
Arc
32%
Core
32%
Dark Drive
32%
Espada
32%
Heart
32%
Kurokage
32%
Another Ryuga
30%
Brain
30%
Caucasus
30%
Gridon
30%
Horobi
30%
Kikai
30%
Knuckle
30%
MadRogue
30%
Majade
30%
Night Rogue
30%
Shinobi
30%
Ziin
30%
Alternative Zero
28%
Ark Zero
28%
Gaoh
28%
Gold Drive
28%
Lance
28%
Ohma ZiO
28%
Para DX
28%
Revice
28%
Valvarad
28%
Wiseman
28%
Aguilera
27%
Beroba
27%
Bitter Gavv
27%
Buster
27%
Dark Ghost
27%
Fifteen
27%
Ginga
27%
Glaive
27%
Jam
27%
Kenzan
27%
Muez
27%
Poseidon
27%
PunkJack
27%
Sabela
27%
Sigurd
27%
Another 1
25%
Another Zero One
25%
Blood Stalk
25%
Habataki
25%
Ketaros
25%
Larc
25%
Metal Build
25%
Proto Ixa
25%
Rey
25%
Slash
25%
V-1
25%
Calibur
23%
Century
23%
DaPaan
23%
Destream
23%
Falchion
23%
G Den O
23%
Hercus
23%
Mars
23%
Mary
23%
Protodrive
23%
Solomon
23%
Yuuki
23%
Zamonas
23%
Zanki
23%
Alpha
22%
Birth ProtoType
22%
Durendal
22%
Fuma
22%
Kekera
22%
Killbus
22%
Lupin
22%
Saikou
22%
Vail
22%
Zaia
22%
Another Para DX
20%
Bake
20%
Beta
20%
Danki
20%
Gamma
20%
Goda
20%
Kirameki
20%
Kyuun
20%
Mashin Chaser
20%
MetsubouJinrai
20%
Naki
20%
Nishiki
20%
Proto Baron
20%
Proto Gaim
20%
Ride-Player
20%
Shuki
20%
Sorcerer
20%
Zonjis
20%
Another Quiz
18%
Another Shinobi
18%
Black Baron
18%
Chimera
18%
Dark Necrom Blue
18%
Dark Necrom Pink
18%
Dark Necrom Red
18%
Dark Necrom Yellow
18%
Demons Trooper
18%
Engine Bros
18%
Ginpen
18%
Gotchard Daybreak
18%
Lopo
18%
Nico
18%
Proto Bravo
18%
Sabaki
18%
Storious
18%
Touki
18%
Tyrant
18%
Wind
18%
XGeats
18%
Another Kikai
17%
Banki
17%
Barlckxs
17%
Cerberus
17%
Death
17%
Eiki
17%
Eld
17%
Gyago
17%
Hakubi
17%
Hattari
17%
Hell Bros
17%
Ikazuchi
17%
Jun
17%
Kamuro
17%
Kanon Specter
17%
Kurokage Shin
17%
Kyoki
17%
Lady
17%
Nadge Sparrow
17%
Proto Gridon
17%
Proto Ryugen
17%
Saver
17%
Seeker
17%
True Brave
17%
Zero Specter
17%
Ancient OOO
15%
Daimon
15%
Dorado
15%
Extremer
15%
Fake Blade
15%
Idunn
15%
OOOOOO
15%
Remocon Bros
15%
Shirowe
15%
Shouki
15%
Sylphi
15%
Turbon
15%
Zerenos
15%
Brali
13%
ChopHopper
13%
Doom Geats
13%
Dread
13%
Fubuki
13%
Get Over Demons
13%
Gouki
13%
Jyamato Rider
13%
Kurokage Troopers
13%
Letter
13%
Regad
13%
Shocker RIder
13%
Transformed Akira
13%
Zectroopers
13%
Bright Trooper
12%
Bujin Agito
12%
Bujin Blade
12%
Bujin Decade
12%
Bujin Den O
12%
Bujin Double
12%
Bujin Faiz
12%
Bujin Fourze
12%
Bujin Hibiki
12%
Bujin Kabuto
12%
Bujin Kiva
12%
Bujin Kuuga
12%
Bujin OOO
12%
Bujin Ryuki
12%
Bujin Wizard
12%
Caries
12%
Chaser Mach
12%
Crimson Vail
12%
Dark Wizard
12%
Eden
12%
Fake Fourze
12%
Gazer Zero
12%
GM Rider
12%
Goludora
12%
Ichigata
12%
Keilow
12%
Lucifer
12%
Regad Omega
12%
Shilubara
12%
Ziin Gazer
12%
Dreatrooper
10%
Fake Garren
10%
Fake Leangle
10%
Abaddon
8%
Akarider
8%
Aorider
8%
Hopper
8%
Kirider
8%
Midorider
8%
Momorider
8%
Shocker Rider 1
8%
Shocker Rider 10
8%
Shocker Rider 11
8%
Shocker Rider 12
8%
Shocker Rider 2
8%
Shocker Rider 3
8%
Shocker Rider 4
8%
Shocker Rider 5
8%
Shocker Rider 6
8%
Shocker Rider 7
8%
Shocker Rider 8
8%
Shocker Rider 9
8%
Tassel
8%
Transformed Kyosuke
8%
Yuki
8%
Build Prototype
7%
Dark Rider
7%
Dark Slasher
7%
Delta Gear
7%
Faiz Gear
7%
Fake Double
7%
Fake OOO
7%
Flame Geister
7%
Igarashi
7%
Kaixa Gear
7%
Killer
7%
Papillon
7%
Red Shadow Moon
7%
Chinomanako Diend
5%
Dan O
5%
End Rider
5%
Fake Decade
5%
Gamedeus Cronus
5%
Jaki
5%
Kagayaki
5%
Kiryu
5%
Mujaki
5%
Rebirth
5%
Riotrooper V2
5%
Super GingaOh
5%
Transformed Asumu
5%
Trial Blade
5%
Trial Garren
5%
Trial Leangle
5%
Whipped Soldiers
5%
Zebraskull Lady
5%
Zeta
5%
Ageha
3%
Akatsuki
3%
ArkOne Malgam
3%
Bucchii
3%
Fake Nadeshiko
3%
Fake Vice
3%
Ganbarider
3%
Genki
3%
Ikaros
3%
Julio
3%
Jyamato Gazer
3%
Kachidoki
3%
Keibi
3%
Kido
3%
Meikoku no Sanshimai
3%
Nico Snipe
3%
Saki
3%
Warlock
3%
Yamabuki
3%
Zan O
3%
Zero Ghost
3%
Zuccocade
3%
Copy Beast
2%
Deep Specter
2%
Despair Lord
2%
Fake Skull
2%
Ganbarider Acuto
2%
Ganbarider Lio
2%
Great Eyezer
2%
Hachi King
2%
Jaku
2%
Judah
2%
Kiju
2%
Kikaider
2%
Medabank
2%
Mirror Wizard
2%
Platina Gotcharbrothers
2%
Roki
2%
Shin Den O
2%
Suel Gazer
2%
Super Decade
2%
Uzai
2%
Yami no Mahoutsukai
2%
Armor of the Orge
0%
Blue Hakaider
0%
Bujin Gain
0%
Dark Geister
0%
Gamma Knight
0%
Ganbarider Break
0%
Gattaider
0%
Geister 0
0%
Geister X
0%
Gill Hakaider
0%
Hakaider
0%
Jarger
0%
Michibki
0%
Red Hakaider
0%
Saikou Shadow
0%
Shokuki
0%
Silver Hakaider
0%
Unmanned Suika Arms
0%
No matching quizzes found
Score Distribution
Percent of People with Each Score
Percentile by Number Answered
Your Score History
You have not taken this quiz since the last reset